Fußball Top 10 #6 (Pep Guardiolas Rekordspieler bei Barca) - Statistiken

Allgemein
  • Dieses Quiz wurde 203 mal gespielt
  • Das Durchschnittsergebnis liegt bei 7 aus 10
Antwortstatistiken
Platz Einsätze Rekordspieler bei Barca unter Guardiola % Korrekt
1 219 Lionel Messi
99%
8 181 Andrés Iniesta
94%
3 208 Xavi
93%
7 183 Gerard Piqué
89%
5 191 Sergio Busquets
83%
10 164 Carles Puyol
81%
4 200 Víctor Valdés
75%
2 208 Dani Alves
68%
9 167 Pedro
54%
6 188 Seydou Keita
7%
Keine übereinstimmenden Quizze gefunden
Verteilung der Resultate
Anzahl Personen mit jedem Resultat
Perzentil nach korrekt beantworteten Fragen
Ihre Resultats-Entwicklung
Sie haben dieses Quiz noch nicht gespielt